000 00730nam a2200289Ia 4500
001 3985
005 20240113233704.0
007 ta
008 050607s 196 g b000 u hin u
020 _cHB
040 _aCotton College Assam
041 _ahin
082 _a491.431
_bSa 74 B
100 _aSharma, D. N..
245 0 _aBhasa Bijnan ki Bhumika /
_cD. N. Sharma.
_hTextual Documents
250 _a1st ed. /
260 _aNew Delhi :
_bRadhakrishna Prakashan ,
_cc 1966.
300 _a629p. ;
_c22cm.
653 _aHindi Linguistic
653 _aLinguistic-Hindi
653 _aMS-Hindi
653 _aGen-Hindi
942 _2ddc
_cBK
999 _c3973
_d3973